Sports Quiz

Random Sports or WWE Quiz
Score 0/20 Timer 05:00
0 Plays Today
Question Answer Wrong Answers
WWE Championship John Cena
85.8%
The Rock
0%
Triple H
7.5%
Randy Orton
0%
WWE Intercontinental Championship Chris Jericho
81.7%
The Miz
10%
Rob Van Dam
2.5%
Dolph Ziggler
1.7%
WWE Women's Championship Trish Stratus
78.3%
The Fabulous Moolah
5.8%
Mickie James
9.2%
Alundra Blayze
0.8%
NWA World Heavyweight Championship Ric Flair
75%
Harley Race
12.5%
Jeff Jarrett
5.8%
Lou Thesz
0.8%
Impact Knockouts Championship Gail Kim
69.2%
Angelina Love
15%
Awesome Kong
7.5%
Tara
2.5%
IWGP Junior Heavyweight Championship Jushin Thunder Liger
67.5%
Tiger Mask
10.8%
Kushida
10.8%
Koji Kanemoto
6.7%
WWE Hardcore Championship Raven
65.8%
Crash Holly
22.5%
Steven Richards
3.3%
Bradshaw
4.2%
WCW World Heavyweight Championship Ric Flair
65%
Hollywood Hulk Hogan
13.3%
Sting
15.8%
Kevin Nash
0%
WCW World Television Championship Booker T
62.5%
Ricky Steamboat
10%
Greg Valentine
5.8%
Arn Anderson
16.7%
AWA World Heavyweight Championship Verne Gagne
59.2%
Nick Bockwinkel
22.5%
Mad Dog Vachon
3.3%
Hulk Hogan
9.2%
Impact World Championship Kurt Angle
59.2%
Sting
24.2%
Lashley
2.5%
Jeff Hardy
8.3%
IWGP Heavyweight Championship Hiroshi Tanahashi
56.7%
Tatsumi Fujinami
16.7%
Kensuke Sasake
4.2%
Kazuchika Okada
16.7%
WCW Cruiserweight Championship Rey Misterio Jnr.
55.8%
Juventud Guerrera
5.8%
Billy Kidman
13.3%
Dean Malenko
20%
NWA Georgia Heavyweight Championship Mr. Wrestling II
48.3%
El Mongol
2.5%
Buddy Colt
10%
Dick Slater
33.3%
WWE Tag Team Championship The Dudley Boyz
47.5%
Edge & Christian
30%
The Hardy Boyz
15%
New Age Outlaws
2.5%
NWA Mid-Atlantic Heavyweight Championship Wahoo McDaniel
46.7%
Jack Briscoe
26.7%
Rip Hawk
6.7%
Jerry Briscoe
16.7%
ECW World Heavyweight Championship The Sandman
45.8%
Shane Douglas
26.7%
Terry Funk
10%
Sabu
12.5%
Ring of Honour World Championship Adam Cole
42.5%
Jay Lethal
33.3%
Austin Aries
16.7%
Jay Briscoe
3.3%
CMLL World Heavyweight Championship Universo 2000
21.7%
Rayo de Jalisco, Jnr.
5%
Ultimo Guerrero
49.2%
Konnan el Barbaro
20.8%
All Japan Triple Crown Heavyweight Championship Suwama
10%
Mitsuharu Misawa
56.7%
Stan Hansen
13.3%
Toshiaki Kawada
15%
Remove Ads.
Support Sporcle.
Get the best of Sporcle when you Go Orange. This ad-free experience offers more features, more stats, and more fun while also helping to support Sporcle. Thank you for becoming a member.

You're not logged in!

Compare scores with friends on all Sporcle quizzes.
OR
Log In

Show Comments

Extras

Top Quizzes Today


Score Distribution

Your Account Isn't Verified!

In order to create a playlist on Sporcle, you need to verify the email address you used during registration. Go to your Sporcle Settings to finish the process.

Report this User

Report this user for behavior that violates our Community Guidelines.

Details: